<?xml version="1.0" encoding="UTF-8"?>
<marc:record xmlns:marc="http://www.loc.gov/MARC21/slim">
   <marc:leader>00000nam a2200000 a 4500</marc:leader>
   <marc:datafield ind1="1" ind2=" " tag="100">
      <marc:subfield code="a">Olivotti, Sergio</marc:subfield>
      <marc:subfield code="4">aut</marc:subfield>
      <marc:subfield code="e">Verfasser/-in</marc:subfield>
   </marc:datafield>
   <marc:datafield ind1="1" ind2=" " tag="100">
      <marc:subfield code="a">Pastorino, Giulia</marc:subfield>
      <marc:subfield code="4">ill</marc:subfield>
      <marc:subfield code="e">Illustrator/-in</marc:subfield>
   </marc:datafield>
   <marc:datafield ind1=" " ind2=" " tag="653">
      <marc:subfield code="a">Softcover / Kinder- und Jugendbücher/Erzählerische Bilderbücher</marc:subfield>
   </marc:datafield>
   <marc:datafield ind1=" " ind2=" " tag="653">
      <marc:subfield code="a">Veränderungen</marc:subfield>
   </marc:datafield>
   <marc:datafield ind1=" " ind2=" " tag="653">
      <marc:subfield code="a">Pubertät</marc:subfield>
   </marc:datafield>
   <marc:datafield ind1=" " ind2=" " tag="653">
      <marc:subfield code="a">Wachstum</marc:subfield>
   </marc:datafield>
   <marc:datafield ind1=" " ind2=" " tag="653">
      <marc:subfield code="a">Normalität</marc:subfield>
   </marc:datafield>
   <marc:datafield ind1=" " ind2=" " tag="653">
      <marc:subfield code="a">Kinderbuch illustriert</marc:subfield>
   </marc:datafield>
   <marc:datafield ind1=" " ind2=" " tag="653">
      <marc:subfield code="a">Kinderbuch Veränderungen</marc:subfield>
   </marc:datafield>
   <marc:datafield ind1=" " ind2=" " tag="653">
      <marc:subfield code="a">Kinderbuch Wachstum</marc:subfield>
   </marc:datafield>
   <marc:datafield ind1=" " ind2=" " tag="653">
      <marc:subfield code="a">Kinderbuch Gefühle</marc:subfield>
   </marc:datafield>
   <marc:datafield ind1=" " ind2=" " tag="653">
      <marc:subfield code="a">Kinderbuch Gefühlschos</marc:subfield>
   </marc:datafield>
   <marc:datafield ind1=" " ind2=" " tag="653">
      <marc:subfield code="a">Kinderbuch Gefühlswelt</marc:subfield>
   </marc:datafield>
   <marc:datafield ind1=" " ind2=" " tag="653">
      <marc:subfield code="a">Gefühle</marc:subfield>
   </marc:datafield>
   <marc:datafield ind1=" " ind2=" " tag="653">
      <marc:subfield code="a">Achterbahn der Gefühle</marc:subfield>
   </marc:datafield>
   <marc:datafield ind1=" " ind2=" " tag="653">
      <marc:subfield code="a">Gefühlschaos</marc:subfield>
   </marc:datafield>
   <marc:datafield ind1=" " ind2=" " tag="653">
      <marc:subfield code="a">Gefühlswelt</marc:subfield>
   </marc:datafield>
   <marc:datafield ind1=" " ind2=" " tag="653">
      <marc:subfield code="a">Erzählerische Bilderbücher</marc:subfield>
   </marc:datafield>
   <marc:datafield ind1="0" ind2="0" tag="245">
      <marc:subfield code="a">Hugo sein</marc:subfield>
   </marc:datafield>
   <marc:datafield ind1="0" ind2="0" tag="245">
      <marc:subfield code="c">Sergio Olivotti</marc:subfield>
   </marc:datafield>
   <marc:datafield ind1=" " ind2="1" tag="264">
      <marc:subfield code="a">Berlin</marc:subfield>
      <marc:subfield code="b">Hatje Cantz Verlag</marc:subfield>
      <marc:subfield code="c">2026</marc:subfield>
   </marc:datafield>
   <marc:datafield ind1=" " ind2=" " tag="250">
      <marc:subfield code="a">1. Auflage</marc:subfield>
   </marc:datafield>
   <marc:datafield ind1="1" ind2=" " tag="520">
      <marc:subfield code="a">Hugo ist nicht mehr wie gestern. Jeden Tag sieht er ein bisschen anders aus: mal kringelig, mal gepunktet, mal gestrichelt. Hugo fragt sich: Bin ich noch ich?
&lt;br&gt;
&lt;br&gt;
Hugo sein ist ein einfühlsames Bilderbuch über Identität, Veränderung und Selbstakzeptanz. Die Geschichte zeigt Kindern ab 5 Jahren auf leichte, humorvolle Weise, dass Veränderung zum Leben gehört – und dass wir trotzdem wir selbst bleiben.
&lt;br&gt;
&lt;br&gt;
Mit berührenden Illustrationen und einer klaren, poetischen Erzählstimme eignet sich das Buch ideal zum Vorlesen in der Familie sowie in Kita und Grundschule. Ein stärkendes Kinderbuch über Wachsen, Anderssein und die Freiheit, man selbst zu sein.
&lt;br&gt;
&lt;br&gt;
Highlights:
&lt;br&gt;
&lt;br&gt;
Kinderbuch / Bilderbuch ab 5 Jahren
&lt;br&gt;
Themen: Identität, Veränderung, Selbstvertrauen, Gefühle
&lt;br&gt;
Ideal zum Vorlesen und als Gesprächsanlass
&lt;br&gt;
Liebevoll illustriert, warmherzig und humorvoll
&lt;br&gt;
Sergio Olivotti ist Architekt, Grafikdesigner und Illustrator. Er arbeitete als Dozent an der Technischen Hochschule Mailand und widmet sich in seiner freien Arbeit der Didaktik und Kinderbüchern. Seine Bücher erscheinen in vielen Sprachen. 
 Giulia Pastorino ist Illustratorin mit dem Schwerpunkt Buchillustration. Sie studierte Grafikdesign und Illustration in Genua und Urbino und wurde 2016 und 2022 für die Illustratoren-Ausstellung auf der Bologna Children's Book Fair nominiert. Ihre Arbeiten waren Teil der Ausstellung "Italian Excellence" 2021 in Bologna.
&lt;br&gt;
</marc:subfield>
   </marc:datafield>
   <marc:datafield ind1=" " ind2=" " tag="020">
      <marc:subfield code="a">9783775762038</marc:subfield>
      <marc:subfield code="9">9783775762038</marc:subfield>
   </marc:datafield>
   <marc:datafield ind1=" " ind2=" " tag="020">
      <marc:subfield code="a">3775762035</marc:subfield>
      <marc:subfield code="9">3775762035</marc:subfield>
   </marc:datafield>
   <marc:datafield ind1=" " ind2=" " tag="041">
      <marc:subfield code="a">ger</marc:subfield>
   </marc:datafield>
   <marc:datafield ind1=" " ind2=" " tag="300">
      <marc:subfield code="a">40 Seiten</marc:subfield>
   </marc:datafield>
</marc:record>
